Stav a vývoj malého a stredného podnikania na Slovensku vo vzťahu ku kvalite podnikateľského prostredia diplomová práca

Saved in:
Bibliographic Details
Main Author: Krajčír, Stanislav
Corporate Author: Podnikovohospodárska fakulta EU so sídlom v Košiciach. Katedra ekonómie
Other Authors: Lejková, Zuzana
Format: Book
Language:Slovak
Published: Košice 2008
Tags: Add Tag
No Tags, Be the first to tag this record!

MARC

LEADER 00000nam$a2200000$$$4500
001 0077440
005 20240827093025.2
041 0 |a slo 
044 |a SK 
245 1 0 |a Stav a vývoj malého a stredného podnikania na Slovensku vo vzťahu ku kvalite podnikateľského prostredia  |b diplomová práca  |c Stanislav Krajčír ; škol. Zuzana Lejková 
264 1 |a Košice  |c 2008 
300 |a 100 s. 
100 1 |a Krajčír, Stanislav 
700 1 |a Lejková, Zuzana 
710 2 |a Podnikovohospodárska fakulta EU so sídlom v Košiciach. Katedra ekonómie